Buku kertas: (Record no. 44495)

MARC details
000 -LEADER
fixed length control field 00786nam a2200289 i 4500
001 - CONTROL NUMBER
control field C2-0142596
003 - CONTROL NUMBER IDENTIFIER
control field PPAK
005 - DATE AND TIME OF LATEST TRANSACTION
control field 20180727125529.0
008 - FIXED-LENGTH DATA ELEMENTS--GENERAL INFORMATION
fixed length control field 980107s1996 my a|||| ||||| | may d
020 ## - INTERNATIONAL STANDARD BOOK NUMBER
International Standard Book Number 9676106194
040 ## - CATALOGING SOURCE
Original cataloging agency PPAK
Language of cataloging eng
Transcribing agency PPAK
Description conventions rda
082 04 - DEWEY DECIMAL CLASSIFICATION NUMBER
Classification number 745.54
Edition number 23
090 00 - LOCALLY ASSIGNED LC-TYPE CALL NUMBER (OCLC); LOCAL CALL NUMBER (RLIN)
Classification number (OCLC) (R) ; Classification number, CALL (RLIN) (NR) 745.54
Feature heading TOF
Feature heading K
Classification number (OCLC) (R) ; Classification number, CALL (RLIN) (NR) 745.54
Feature heading TOF
Feature heading RK
100 1# - MAIN ENTRY--PERSONAL NAME
Personal name Tofts, Hannnah,
Relator term author
245 10 - TITLE STATEMENT
Title Buku kertas:
Remainder of title reka dan cipta menggunakan kertas
264 #1 - PRODUCTION, PUBLICATION, DISTRIBUTION, MANUFACTURE, AND COPYRIGHT NOTICE
Place of production, publication, distribution, manufacture Kuala Lumpur :
Name of producer, publisher, distributor, manufacturer Utusan ,
Date of production, publication, distribution, manufacture, or copyright notice 1996
300 ## - PHYSICAL DESCRIPTION
Extent 32 pages :
Other physical details colour illustrations ;
Dimensions 27 cm
336 ## - CONTENT TYPE
Source rdacontent
Content type term text
337 ## - MEDIA TYPE
Source rdamedia
Media type term unmediated
338 ## - CARRIER TYPE
Source rdacarrier
Carrier type term volume
490 1# - SERIES STATEMENT
Series statement Kraf ria
650 10 - SUBJECT ADDED ENTRY--TOPICAL TERM
Topical term or geographic name entry element Paper work - Technique.
700 ## - ADDED ENTRY--PERSONAL NAME
Relator term author
830 #0 - SERIES ADDED ENTRY--UNIFORM TITLE
Uniform title Kraf ria
942 ## - ADDED ENTRY ELEMENTS (KOHA)
-- dc
Koha item type Book
Holdings
Withdrawn Not for loan Current library Shelving location Date acquired Full call number Barcode Date last seen Koha item type Total Checkouts Total Renewals Date last checked out
    Perpustakaan Alor Setar Pinjaman Kanak-kanak 07/01/1998 K 745.54 TOF A00089842 08/05/2018 Book      
    Perpustakaan Awam Sungai Petani Pinjaman Kanak-kanak 07/01/1998 K 745.54 TOF A00089844 23/09/2025 Book 1 1 13/08/2025
    Perpustakaan Awam Sungai Petani Pinjaman Kanak-kanak 07/01/1998 K 745.54 TOF A00089845 08/05/2018 Book      
    Perpustakaan Jitra Pinjaman Kanak-kanak 07/01/1998 K 745.54 TOF A00089846 08/05/2018 Book      
  Not For Loan PD14, Felda Sungai Tiang, Pendang Rujukan Kanak-kanak 29/04/1998 RK 745.54 TOF A00135775 08/05/2018 Book